[Event "Nebug Rating op"]
[Site "Nebug"]
[Date "2013.03.27"]
[Round "6"]
[White "Sarian, Ashot"]
[Black "Labasheva, Ekaterina"]
[Result "0-1"]
[WhiteElo "1751"]
[BlackElo "1819"]
[PlyCount "108"]
[EventDate "2013.03.22"]
[EventType "swiss"]
[EventRounds "9"]
[EventCountry "RUS"]
[SourceTitle "EXT 2015"]
[Source "ChessBase"]
[SourceDate "2014.11.20"]
[SourceVersion "1"]
[SourceVersionDate "2014.11.20"]
[SourceQuality "1"]

1. e4 Nf6 2. Nc3 d5 3. exd5 Nxd5 4. Nxd5 Qxd5 5. d4 Nc6 6. c3 e5 7. dxe5 Qxd1+ 8. Kxd1 Nxe5 9. Be2 Bf5 10. Bf4 0-0-0+ 11. Ke1 Nd3+ 12. Bxd3 Bxd3 13. Be3 Be7 14. f3 f5 15. Kf2 Bf6 16. Ne2 Rhe8 17. Rhe1 g5 18. Bd4 Rxe2+ 19. Rxe2 Bxd4+ 20. cxd4 Bxe2 21. Kxe2 Rxd4 22. Rc1 Rd5 23. Rc3 Kd7 24. Rb3 b6 25. Ra3 a5 26. Rb3 b5 27. f4 g4 28. h3 h5 29. Kf2 c6 30. Ke2 Rd4 31. Ke3 Re4+ 32. Kf2 Rxf4+ 33. Kg3 Rd4 34. Kh4 Rd2 35. hxg4 hxg4 36. g3 Rf2 37. Rd3+ Ke6 38. b3 c5 39. a4 Rf3 40. Rd8 Rxb3 41. Ra8 c4 42. Rxa5 c3 43. axb5 Kd5 44. b6+ Kc4 45. Rxf5 Rxb6 46. Kxg4 Rc6 47. Rf4+ Kd3 48. Kh5 c2 49. Rf1 c1Q 50. Rxc1 Rxc1 51. g4 Ke4 52. Kg5 Rg1 53. Kh5 Kf4 54. Kh4 Rh1# 0-1

[Event "Nebug Rating op"]
[Site "Nebug"]
[Date "2013.03.24"]
[Round "3"]
[White "Kupin, Ivan"]
[Black "Sarian, Ashot"]
[Result "1-0"]
[WhiteElo "1744"]
[BlackElo "1751"]
[PlyCount "93"]
[EventDate "2013.03.22"]
[EventType "swiss"]
[EventRounds "9"]
[EventCountry "RUS"]
[SourceTitle "EXT 2015"]
[Source "ChessBase"]
[SourceDate "2014.11.20"]
[SourceVersion "1"]
[SourceVersionDate "2014.11.20"]
[SourceQuality "1"]

1. e4 e6 2. d4 d5 3. Nd2 c5 4. exd5 exd5 5. Ngf3 Nc6 6. Bb5 Bd6 7. dxc5 Bxc5 8. 0-0 Nge7 9. Nb3 Bd6 10. Re1 0-0 11. h3 a6 12. Bd3 Bf5 13. Bg5 Qd7 14. c3 Kh8 15. Bxf5 Nxf5 16. Nbd4 f6 17. Be3 Nfxd4 18. Bxd4 Rfe8 19. Qd3 Be5 20. Rad1 Rad8 21. Bb6 Bc7 22. Rxe8+ Rxe8 23. Bxc7 Qxc7 24. Qxd5 Rd8 25. Qb3 Rxd1+ 26. Qxd1 h6 27. Qb3 b5 28. Qe6 a5 29. Nh4 Ne5 30. Qe8+ Kh7 31. Qxb5 Qd8 32. Qe2 Qd5 33. b3 Qc6 34. Qc2+ Kg8 35. Nf5 Qd7 36. b4 Qb5 37. Nd4 Qb6 38. Qb3+ Kh8 39. b5 Nd7 40. Qe6 Qb7 41. Qc6 Qa7 42. Nf3 Nb6 43. c4 Na4 44. Qd6 Kh7 45. Nd4 Kh8 46. Nb3 Nc3 47. Qd8+ 1-0

[Event "Krasnodar Summer op"]
[Site "Krasnodar"]
[Date "2012.07.14"]
[Round "5"]
[White "Shcheglov, Vladimir A"]
[Black "Sarian, Ashot"]
[Result "1/2-1/2"]
[WhiteElo "1694"]
[BlackElo "1709"]
[PlyCount "55"]
[EventDate "2012.07.10"]
[EventType "swiss"]
[EventRounds "9"]
[EventCountry "RUS"]
[SourceTitle "EXT 2013"]
[Source "ChessBase"]
[SourceDate "2012.11.22"]
[SourceVersion "1"]
[SourceVersionDate "2012.11.22"]
[SourceQuality "1"]

1. e4 e6 2. d4 d5 3. exd5 exd5 4. Bd3 Bd6 5. Be3 Nf6 6. Nf3 Bg4 7. h3 Be6 8. Bg5 Nbd7 9. Nc3 c6 10. 0-0 Qc7 11. a3 0-0 12. Qd2 Nh5 13. Be3 Nf4 14. Ng5 Nf6 15. Nxe6 fxe6 16. Bxf4 Bxf4 17. Qe2 e5 18. dxe5 Bxe5 19. Rae1 Rae8 20. Qd2 Bd4 21. Rxe8 Rxe8 22. Bxh7+ Kxh7 23. Qxd4 b6 24. Qd3+ Kg8 25. b3 Qd6 26. a4 Qe5 27. Rd1 Rd8 28. Qe3 1/2-1/2

[Event "Krasnodar Summer op"]
[Site "Krasnodar"]
[Date "2012.07.10"]
[Round "1"]
[White "Sarian, Ashot"]
[Black "Maslianok, Sergey"]
[Result "1/2-1/2"]
[WhiteElo "1709"]
[BlackElo "2030"]
[PlyCount "72"]
[EventDate "2012.07.10"]
[EventType "swiss"]
[EventRounds "9"]
[EventCountry "RUS"]
[SourceTitle "EXT 2013"]
[Source "ChessBase"]
[SourceDate "2012.11.22"]
[SourceVersion "1"]
[SourceVersionDate "2012.11.22"]
[SourceQuality "1"]

1. e4 h6 2. d4 a6 3. Nf3 e6 4. e5 d6 5. Bf4 dxe5 6. Nxe5 Nf6 7. c3 c5 8. Nd2 cxd4 9. Nb3 Nc6 10. Nxc6 bxc6 11. Nxd4 c5 12. Nf3 Qxd1+ 13. Rxd1 Be7 14. Be2 0-0 15. 0-0 Bb7 16. Ne5 Rfd8 17. Bf3 Bxf3 18. Nxf3 Nd5 19. Bg3 f6 20. c4 Nb4 21. a3 Nc6 22. Bc7 Rxd1 23. Rxd1 Ra7 24. Bf4 Rb7 25. Rd2 Na5 26. Rc2 Kf7 27. Kf1 e5 28. Bd2 Nb3 29. Bc3 Rd7 30. Ke1 Ke6 31. Nd2 Nd4 32. Rc1 f5 33. f3 Bg5 34. Rd1 Nc2+ 35. Ke2 Nd4+ 36. Ke1 Nc2+ 1/2-1/2

[Event "Krasnodar Winter B"]
[Site "Krasnodar"]
[Date "2011.02.02"]
[Round "1"]
[White "Sarian, Ashot"]
[Black "Shcheglov, Vladimir A"]
[Result "1-0"]
[WhiteElo "1765"]
[BlackElo "1727"]
[PlyCount "33"]
[EventDate "2011.02.02"]
[EventType "tourn"]
[EventRounds "13"]
[EventCountry "RUS"]
[SourceTitle "EXT 2022"]
[Source "ChessBase"]
[SourceDate "2021.10.06"]
[SourceVersion "1"]
[SourceVersionDate "2021.10.06"]
[SourceQuality "1"]

1. e4 c6 2. d4 d5 3. exd5 cxd5 4. Nf3 Nc6 5. c3 e6 6. Bf4 Bd6 7. Bxd6 Qxd6 8. Bd3 Nf6 9. Nbd2 0-0 10. 0-0 Re8 11. Re1 e5 12. dxe5 Nxe5 13. Rxe5 Rxe5 14. Nc4 Qc7 15. Ncxe5 Ne4 16. Qa4 f6 17. Qe8# 1-0